000 00684nam a22002177a 4500
003 UA-OsUOA
001 122834
007 ta
008 20170523b un ||||| |||| 00| 0 ukr d
100 _aМалко Р.
090 _a34
_bМ19
942 _cSA
040 _aUA-OsUOA
_bukr
_cUA-OsUOA
_dUA-OsUOA
245 _aСплутані карти. Що відбувається із законодавством про статус державної мови в Україні
300 _aС.20-23
955 _a0
041 _aukr
080 _a34
773 0 _w122833
_tУкраїнський тиждень
_dК.
_d2017
_g18
650 7 _a34 Право. Юриспруденція
_2UDC
999 _c409462
_d409462